00790nam a2200205 a 450000100100000000500170001000800410002702000150006804000250008304100390010808200130014710000230016024000510018324501040023426000600033830000210039850000740041953400600049370000310055300002452520200930023223.0110128s1988 mx r 001 0 spa d a9681628101 aDO-SdBNPbspacBNPHU17aspaheng2Código de idiomas MARC ann*bnn*1 aKlein, Lawrence R.14aThe economics of supply and demand.lEspañol13aLa economía de la oferta y la demanda /cLawrence R. Klein ; traducción de Eduardo L. Suárez. aMéxico, D. F. :bFondo de Cultura Económica,c1988. a191 p. ;c21 cm. aIncluye referencias bibliográficas y notas al pie de las páginas. aTítulo original :tThe economics of supply and demand1 aSuárez, Eduardo L.,etr.